<?xml version="1.0" encoding="UTF-8"?>
<record
    xmlns:xsi="http://www.w3.org/2001/XMLSchema-instance"
    xsi:schemaLocation="http://www.loc.gov/MARC21/slim http://www.loc.gov/standards/marcxml/schema/MARC21slim.xsd"
    xmlns="http://www.loc.gov/MARC21/slim">

  <leader>00838cam a2200169 a 4500</leader>
  <datafield tag="999" ind1=" " ind2=" ">
    <subfield code="c">2144</subfield>
    <subfield code="d">2144</subfield>
  </datafield>
  <datafield tag="020" ind1=" " ind2=" ">
    <subfield code="a">0176041532</subfield>
  </datafield>
  <datafield tag="050" ind1=" " ind2="4">
    <subfield code="a">HF5549</subfield>
    <subfield code="b">.T73 1993</subfield>
  </datafield>
  <datafield tag="245" ind1="0" ind2="0">
    <subfield code="a">Trends and challenges in human resource management /</subfield>
    <subfield code="c">edited by Hem C. Jain and Phillip C. Wright.</subfield>
  </datafield>
  <datafield tag="260" ind1=" " ind2=" ">
    <subfield code="a">Scarborough, Ont. :</subfield>
    <subfield code="b">Nelson Canada,</subfield>
    <subfield code="c">1994.</subfield>
  </datafield>
  <datafield tag="300" ind1=" " ind2=" ">
    <subfield code="a">xvi, 442 p. :</subfield>
    <subfield code="b">ill. ;</subfield>
    <subfield code="c">23 cm.</subfield>
  </datafield>
  <datafield tag="500" ind1=" " ind2=" ">
    <subfield code="a">Includes index</subfield>
  </datafield>
  <datafield tag="505" ind1=" " ind2=" ">
    <subfield code="a">PART
1. Human resource management
2. Human resource planning, staffing, and human rights
3. Training and development
4. Health and safety
5. Employment relations and alternative work arrangements
6. Compensation and performance
7. Comparative human resource management
8. Contemporary issues in human resource management</subfield>
  </datafield>
  <datafield tag="650" ind1=" " ind2="0">
    <subfield code="a">Personnel management.</subfield>
  </datafield>
  <datafield tag="700" ind1="1" ind2=" ">
    <subfield code="a">Jain, Hem C.,</subfield>
  </datafield>
  <datafield tag="700" ind1="1" ind2=" ">
    <subfield code="a">Wright, Phillip Charles.</subfield>
  </datafield>
  <datafield tag="942" ind1=" " ind2=" ">
    <subfield code="c">BK</subfield>
  </datafield>
  <datafield tag="952" ind1=" " ind2=" ">
    <subfield code="0">0</subfield>
    <subfield code="1">0</subfield>
    <subfield code="4">0</subfield>
    <subfield code="7">0</subfield>
    <subfield code="8">REF</subfield>
    <subfield code="a">MUCGM</subfield>
    <subfield code="b">MUCGM</subfield>
    <subfield code="c">GEN</subfield>
    <subfield code="d">2004-04-04</subfield>
    <subfield code="l">0</subfield>
    <subfield code="o">HF5549 .T73 1993</subfield>
    <subfield code="p">27535</subfield>
    <subfield code="r">2018-02-02 00:00:00</subfield>
    <subfield code="w">2018-02-02</subfield>
    <subfield code="y">BK</subfield>
  </datafield>
</record>
